Business research methods / (Record no. 187057)
[ view plain ]
| 000 -LEADER | |
|---|---|
| fixed length control field | 00793nam a2200253Ia 4500 |
| 005 - DATE AND TIME OF LATEST TRANSACTION | |
| control field | 20250529112120.0 |
| 008 - FIXED-LENGTH DATA ELEMENTS--GENERAL INFORMATION | |
| fixed length control field | 210716s2008 xx 000 0 und d |
| 020 ## - INTERNATIONAL STANDARD BOOK NUMBER | |
| International Standard Book Number | 9788174465795 |
| 040 ## - CATALOGING SOURCE | |
| Transcribing agency | AIMIT LIBRARY |
| 041 ## - LANGUAGE CODE | |
| Language code of text/sound track or separate title | eng |
| 082 ## - DEWEY DECIMAL CLASSIFICATION NUMBER | |
| Classification number | 001.42 |
| Edition number | 2 |
| Item number | MURS |
| 100 ## - MAIN ENTRY--PERSONAL NAME | |
| Personal name | Murthy, S N. |
| 9 (RLIN) | 14019 |
| 245 ## - TITLE STATEMENT | |
| Title | Business research methods / |
| Statement of responsibility, etc. | by S N Murthy and U Bhojanna. |
| 250 ## - EDITION STATEMENT | |
| Edition statement | 1st. ed . |
| 260 ## - PUBLICATION, DISTRIBUTION, ETC. | |
| Place of publication, distribution, etc. | New Delhi: |
| Name of publisher, distributor, etc. | Excel Books, |
| Date of publication, distribution, etc. | 2008. |
| 300 ## - PHYSICAL DESCRIPTION | |
| Extent | x,397p. ; |
| Other physical details | PB |
| Dimensions | 24 cm. |
| 650 ## - SUBJECT ADDED ENTRY--TOPICAL TERM | |
| Topical term or geographic name entry element | Business Research Methods. |
| 9 (RLIN) | 14020 |
| 650 ## - SUBJECT ADDED ENTRY--TOPICAL TERM | |
| Topical term or geographic name entry element | Scientific Method in Research. |
| 9 (RLIN) | 14084 |
| 650 ## - SUBJECT ADDED ENTRY--TOPICAL TERM | |
| Topical term or geographic name entry element | Research Process. |
| 9 (RLIN) | 14085 |
| 650 ## - SUBJECT ADDED ENTRY--TOPICAL TERM | |
| Topical term or geographic name entry element | Research Design. |
| 9 (RLIN) | 14086 |
| 650 ## - SUBJECT ADDED ENTRY--TOPICAL TERM | |
| Topical term or geographic name entry element | Organization Market Research. |
| 9 (RLIN) | 14087 |
| 700 ## - ADDED ENTRY--PERSONAL NAME | |
| Personal name | Bhojanna, U. |
| 9 (RLIN) | 14088 |
| 942 ## - ADDED ENTRY ELEMENTS (KOHA) | |
| Source of classification or shelving scheme | Dewey Decimal Classification |
| Koha item type | Book |
| Edition | 2nd |
| Call number prefix | 001.42 MURS |
| Withdrawn status | Lost status | Damaged status | Not for loan | Collection code | Home library | Current library | Date acquired | Source of acquisition | Total Checkouts | Full call number | Barcode | Date last seen | Price effective from | Koha item type | Cost, normal purchase price | Cost, replacement price | Date last checked out | Source of classification or shelving scheme |
|---|---|---|---|---|---|---|---|---|---|---|---|---|---|---|---|---|---|---|
| MCA | St Aloysius Institute of Management & Information Technology | St Aloysius Institute of Management & Information Technology | 07/16/2021 | Donated | 001.42 MURS | MCA06565 | 07/21/2025 | 07/16/2021 | Book | |||||||||
| MBA | St Aloysius Institute of Management & Information Technology | St Aloysius Institute of Management & Information Technology | 09/25/2008 | 001.42 MURS | MBA05174 | 05/23/2026 | 07/16/2021 | Book | 275.00 | 206.25 | ||||||||
| MBA | St Aloysius Institute of Management & Information Technology | St Aloysius Institute of Management & Information Technology | 02/11/2010 | 001.42 MURS | MBA07491 | 05/23/2026 | 07/16/2021 | Book | 295.00 | 250.75 | ||||||||
| MBA | St Aloysius Institute of Management & Information Technology | St Aloysius Institute of Management & Information Technology | 02/11/2010 | 001.42 MURS | MBA07492 | 05/23/2026 | 07/16/2021 | Book | 295.00 | 250.75 | ||||||||
| MBA | St Aloysius Institute of Management & Information Technology | St Aloysius Institute of Management & Information Technology | 02/11/2010 | 001.42 MURS | MBA07493 | 05/23/2026 | 07/16/2021 | Book | 295.00 | 250.75 | ||||||||
| MBA | St Aloysius Institute of Management & Information Technology | St Aloysius Institute of Management & Information Technology | 02/11/2010 | 001.42 MURS | MBA07494 | 05/23/2026 | 07/16/2021 | Book | 295.00 | 250.75 | ||||||||
| MBA | St Aloysius Institute of Management & Information Technology | St Aloysius Institute of Management & Information Technology | 02/11/2010 | 1 | 001.42 MURS | MBA07495 | 05/23/2026 | 07/16/2021 | Book | 295.00 | 250.75 | 06/23/2022 | ||||||
| Reference Book | MBA | St Aloysius Institute of Management & Information Technology | St Aloysius Institute of Management & Information Technology | 02/11/2010 | 001.42 MURS | MBA07496 | 07/21/2025 | 07/16/2021 | Book | 295.00 | 250.75 | Dewey Decimal Classification | ||||||
| MBA | St Aloysius Institute of Management & Information Technology | St Aloysius Institute of Management & Information Technology | 02/11/2010 | 001.42 MURS | MBA07497 | 05/23/2026 | 07/16/2021 | Book | 295.00 | 250.75 | ||||||||
| MBA | St Aloysius Institute of Management & Information Technology | St Aloysius Institute of Management & Information Technology | 02/11/2010 | 2 | 001.42 MURS | MBA07498 | 05/23/2026 | 07/16/2021 | Book | 295.00 | 250.75 | 06/14/2022 |